Fr. Conceicao Rodrigues College of Engineering

Flluid mechanics and its applications (Record no. 33072)

MARC details
000 -LEADER
fixed length control field 00291nam a2200133Ia 4500
082 ## - DEWEY DECIMAL CLASSIFICATION NUMBER
Classification number 532
Item number GIL
100 ## - MAIN ENTRY--PERSONAL NAME
Personal name Giles/R.V
245 ## - TITLE STATEMENT
Title Flluid mechanics and its applications
260 ## - PUBLICATION, DISTRIBUTION, ETC.
Name of publisher, distributor, etc. McGraw Hill
Place of publication, distribution, etc. Singapore
Date of publication, distribution, etc. 1983
300 ## - PHYSICAL DESCRIPTION
Extent 275
546 ## - LANGUAGE NOTE
Language note ENGLISH
654 ## - SUBJECT ADDED ENTRY--FACETED TOPICAL TERMS
Focus term Fluid
942 ## - ADDED ENTRY ELEMENTS (KOHA)
Koha item type BOOK
Holdings
Withdrawn status Lost status Damaged status Not for loan Collection Home library Current library Date acquired Cost, normal purchase price Total Checkouts Full call number Barcode Date last seen Cost, replacement price Price effective from Koha item type
        CRC Fr. Agnel's C.Rodrigues College of Engineering Fr. Agnel's C.Rodrigues College of Engineering 17/03/2023 44.80   532 GIL 314 17/03/2023 44.80 17/03/2023 BOOK